| 000 | 00946pam a2200277 a 4500 | ||
|---|---|---|---|
| 008 | |||
| 020 | _a0668061316 (pbk.) | ||
| 049 | _aMAIN | ||
| 090 |
_aR838.5 _bSOL |
||
| 100 | 1 | _aSolomon, Lawrence. | |
| 245 | 1 | 0 |
_aMCAT medical college admission test / _cLawrence Solomon, Morris Bramson. |
| 250 | _a2nd ed. | ||
| 260 |
_aNew York : _bArco Publishing, _c1985. |
||
| 300 |
_a471 p. : _bill. ; _c26 cm. |
||
| 440 | 0 | _aArco professional career examination series | |
| 650 | 0 |
_aMedical colleges _zUnited States _xEntrance examinations _xStudy guides. |
|
| 700 | 1 | _aBramson, Morris. | |
| 700 | 1 |
_aBramson, Morris. _tMedical college admissions test--MCAT. |
|
| 740 | 0 | _aNew MCAT medical college admission test. | |
| 740 | 0 | _aMedical college admission test (MCAT) | |
| 907 |
_a.b10290473 _b19-12-11 _c01-02-11 |
||
| 003 | |||
| 005 | 20230120204053.0 | ||
| 040 | _cNUST | ||
| 942 |
_cBOOKS _kR838.5 _mSOL |
||
| 999 |
_c116578 _d116578 |
||